| 000 | 00641nam a2200193 i 4500 | ||
|---|---|---|---|
| 001 | 63857 | ||
| 003 | ES-MaACL | ||
| 005 | 20250812044049.0 | ||
| 007 | t| | ||
| 008 | 031217s1929 sp ||||1| gao d | ||
| 100 | 1 |
_aFilgueira Valverde, José, _d1906-1996 _950833 |
|
| 245 | 1 | 2 |
_aA eirexa pre-románica de Francelos / _cXosé Filgueira Valverde. |
| 260 |
_aLa Coruña : _bNos, _c1929. |
||
| 300 |
_a5 p., [2] h. de lám. ; _c28 cm. |
||
| 500 | _aPubricacións do Seminario de Estudos Galegos. Seizón de Arqueoloxía. | ||
| 650 | 0 | 7 |
_aArte prerrománico _2embne _910275 |
| 852 |
_aES-MaACL _j1755-F-19 |
||
| 999 |
_c63857 _d63857 |
||